00541nam a2200181 i 450000100060000000300090000600500170001500700030003200800410003510000200007624500520009626000730014830000280022149000300024960000290027983000300030885200210033872451ES-MaACL20230906171436.0t|040901s1933 fr ||||1| fre d1 aGiraud, Victor.13aLa vie tragique de Lamennais / cVictor Giraud. aParis : bFélix Alcan, c1933 (fPresses Universitaires de France) aVIII, 188 p. ; c18 cm.1 aLes enigmes de l'histoire04aLamennais, Félicité.0 aLes enigmes de l'histoire aES-MaACLjA-2119